Paesi più Grandi dell'Etiopia - Statistics

Statistiche generali
  • Questo quiz è stato fatto 41 volte
  • Il punteggio medio è 23 su 25
Statistiche sulle risposte
Superficie Paese % Corretto
9,984,670 Canada
100%
2,381,741 Algeria
94%
2,780,400 Argentina
94%
7,741,220 Australia
94%
8,514,877 Brasile
94%
1,284,000 Ciad
94%
9,596,961 Cina
94%
3,287,263 India
94%
1,904,569 Indonesia
94%
2,724,900 Kazakistan
94%
1,240,192 Mali
94%
1,964,375 Messico
94%
1,564,116 Mongolia
94%
1,267,000 Niger
94%
2,344,858 Rep. Dem. del Congo
94%
17,098,242 Russia
94%
9,826,675 Stati Uniti
94%
1,219,090 Sudafrica
94%
2,149,690 Arabia Saudita
88%
1,648,195 Iran
88%
1,285,216 Perù
88%
1,861,484 Sudan
88%
1,246,700 Angola
82%
1,138,910 Colombia
82%
1,759,540 Libia
82%
Nessun quiz corrispondente trovato
Distribuzione punteggi
Percentuale di utenti per punteggio
Percentile per numero di risposta
I tuoi punteggi nel tempo
Non hai fatto questo quiz